000 00869cas a22002415a 4500
001 ##L98967
008 070705c1989 ne br p 0 a0eng
022 1 _a0924-2716
035 _a(Sirsi) u98967
041 0 _aeng
110 2 _aInternational Society for Photogrammetry and Remote Sensing
_92623
245 0 0 _aISPRS Journal of Photogrammetry and Remote Sensing
260 _aAmsterdam
_bElsevier
_c1989-
520 _aKept for five years
520 _aWebsite links through to Elsevier which provides tables of contents, abstracts and selected full text articles.
554 _aSix per year
651 4 _aInternational
690 _aENVIRONMENTAL AND LAND CONSULTANCY-GEOMATICS
780 0 0 _tPhotogrammetria
856 4 8 _uhttps://www.itc.nl/isprsjournal/
_zView further information on this journal at www.itc.nl...
942 _n0
948 _c20/01/1995
999 _c118603
_d118603